[Event "Online Olym Div2 D 2020"]
[Site "chess.com INT"]
[Date "2020.08.15"]
[Round "6.2"]
[Board "1"]
[White "Saric, Ivan"]
[Black "Cu Hor, Winston Darwin"]
[Result "1-0"]
[WhiteTitle "GM"]
[BlackTitle "FM"]
[WhiteElo "2646"]
[BlackElo "2333"]
[WhiteTeam "Croatia"]
[BlackTeam "Guatemala"]
[WhiteFideId "14508150"]
[BlackFideId "7300662"]
[EventDate "2020.08.14"]
[EventType "team"]

1. e4 c5 2. Nf3 d6 3. d4 Nf6 4. Nc3 cxd4 5. Nxd4 a6 6. a3 e5 7. Nf5 Nxe4 8.
Nxg7+ Bxg7 9. Nxe4 O-O 10. Qxd6 Qh4 11. Bd3 h6 12. g3 Qh3 13. Be3 Nc6 14. O-O-O
Be6 15. Bb6 Rac8 16. f3 Nd4 17. Bxd4 exd4 18. Qf4 Rfd8 19. Nf6+ Kf8 20. Rhe1 Rc6
21. g4 Rdc8 22. Nh5 Rxc2+ 23. Bxc2 Bb3 24. Re2 d3 25. Qd6+ Kg8 26. Qxd3 1-0

[Event "Online Olym Div2 D 2020"]
[Site "chess.com INT"]
[Date "2020.08.15"]
[Round "6.2"]
[Board "2"]
[White "Juarez Flores, Gustavo E."]
[Black "Bosiocic, Marin"]
[Result "0-1"]
[WhiteTitle "FM"]
[BlackTitle "GM"]
[WhiteElo "2108"]
[BlackElo "2606"]
[WhiteTeam "Guatemala"]
[BlackTeam "Croatia"]
[WhiteFideId "7300034"]
[BlackFideId "14507927"]
[EventDate "2020.08.14"]
[EventType "team"]

1. e4 d6 2. d4 Nf6 3. Nc3 e5 4. Nge2 c6 5. h3 h5 6. Be3 b5 7. a3 Be7 8. g3 O-O
9. Bg2 a5 10. O-O Bb7 11. Qd2 Nbd7 12. f4 Re8 13. dxe5 dxe5 14. f5 Bc5 15. Rad1
Qb6 16. Bxc5 Nxc5 17. Kh2 b4 18. Nb1 Ncxe4 19. Qd3 Rad8 20. Qf3 Ba6 21. axb4 Ng5
22. Qxc6 Qxc6 23. Bxc6 Bxe2 24. Rxd8 Rxd8 25. Rf2 Ba6 26. b5 Bc8 27. b6 Ba6 28.
Rd2 Rb8 29. h4 Nge4 30. Bxe4 Nxe4 31. Rd7 Rxb6 32. Rd8+ Kh7 33. b3 a4 34. Ra8
axb3 35. cxb3 Rxb3 36. Rxa6 Rxb1 37. Ra7 f6 38. Ra5 Rb2+ 39. Kh3 Nf2+ 40. Kg2
Ng4+ 41. Kf3 Rb3+ 42. Kg2 Ne3+ 43. Kf2 Nxf5 0-1

[Event "Online Olym Div2 D 2020"]
[Site "chess.com INT"]
[Date "2020.08.15"]
[Round "6.2"]
[Board "3"]
[White "Franciskovic, Borka"]
[Black "Diaz, Luisa"]
[Result "1-0"]
[WhiteTitle "WIM"]
[WhiteElo "2250"]
[BlackElo "1739"]
[WhiteTeam "Croatia"]
[BlackTeam "Guatemala"]
[WhiteFideId "14507943"]
[BlackFideId "7300948"]
[EventDate "2020.08.14"]
[EventType "team"]

1. c4 Nf6 2. Nf3 g6 3. g3 Bg7 4. Bg2 O-O 5. O-O Nc6 6. Nc3 b6 7. d4 Bb7 8. d5
Nb8 9. e4 d6 10. Nd4 c5 11. dxc6 Nxc6 12. Nxc6 Bxc6 13. e5 Bxg2 14. exf6 Bxf1
15. fxg7 Kxg7 16. Kxf1 Rc8 17. b3 Qd7 18. Qd4+ f6 19. Be3 Rf7 20. Rd1 Qh3+ 21.
Kg1 Rc5 22. Qe4 Rh5 23. Qg2 Qxg2+ 24. Kxg2 Rf8 25. Nd5 Kf7 26. Rd3 Rd8 27. g4
Re5 28. f4 Re4 29. Kf3 f5 30. g5 Rc8 31. a4 Rc6 32. Nc3 Re6 33. Nb5 Rc8 34. Nxa7
Rb8 35. Nb5 Kg7 36. Nc7 Re4 37. Nd5 Kf7 38. Nxb6 Rxe3+ 39. Kxe3 Rxb6 40. a5 Ra6
41. b4 Ke6 42. Ra3 Kd7 43. b5 Ra8 44. Kd4 e6 45. c5 dxc5+ 46. Kxc5 Rc8+ 47. Kb6
Rb8+ 48. Ka6 Kc7 49. b6+ Kc6 50. Rc3+ Kd6 51. b7 Kd7 52. Ka7 Re8 53. b8=Q Rxb8
54. Kxb8 Kd6 55. Re3 Kd5 56. Re5+ Kd6 57. a6 1-0

[Event "Online Olym Div2 D 2020"]
[Site "chess.com INT"]
[Date "2020.08.15"]
[Round "6.2"]
[Board "4"]
[White "Mencos Castillo, Maria"]
[Black "Ivekovic, Tihana"]
[Result "0-1"]
[WhiteTitle "WIM"]
[BlackTitle "WFM"]
[WhiteElo "1865"]
[BlackElo "2127"]
[WhiteTeam "Guatemala"]
[BlackTeam "Croatia"]
[WhiteFideId "7300867"]
[BlackFideId "14517825"]
[EventDate "2020.08.14"]
[EventType "team"]

1. e4 e6 2. d4 d5 3. Nc3 Bb4 4. e5 c5 5. a3 Bxc3+ 6. bxc3 Ne7 7. Nf3 Qa5 8. Bd2
c4 9. Be2 Nbc6 10. O-O Bd7 11. Qb1 b6 12. Qc1 Qa4 13. Rb1 b5 14. Nh4 Rb8 15. f4
a5 16. Ra1 O-O 17. Rf3 Ng6 18. Rh3 b4 19. axb4 Qb5 20. bxa5 Nxa5 21. Qe1 Ra8 22.
Bh5 Qb2 23. Rc1 Rfb8 24. Bxg6 fxg6 25. Nf3 Nc6 26. Qh4 h6 27. Qe1 Ne7 28. Nh4
Be8 29. Rf3 Ra2 30. Qd1 Ba4 31. Rg3 Bxc2 32. Qg4 Bf5 33. Nxf5 exf5 34. Qh4 Qxd2
35. Rf1 Rb7 36. Qh3 Rc2 37. Rgf3 Rc1 38. Qg3 Rxf1+ 39. Rxf1 Qd3 40. Qxd3 cxd3
41. Rd1 Nc6 42. Rxd3 Na5 43. Kf2 Nc4 44. Rd1 Rb2+ 45. Kg3 Rc2 46. Rd3 Nb2 47.
Rf3 Nd1 48. h3 Rxc3 49. Rxc3 Nxc3 50. Kf3 Kf7 51. g4 Nb5 52. Ke3 Ke6 53. Kd3
fxg4 54. hxg4 h5 55. gxh5 gxh5 0-1

[Event "Online Olym Div2 D 2020"]
[Site "chess.com INT"]
[Date "2020.08.15"]
[Round "6.2"]
[Board "5"]
[White "Livaic, Leon"]
[Black "Garcia Y., Brayan Alexis"]
[Result "1-0"]
[WhiteTitle "IM"]
[WhiteElo "2507"]
[BlackElo "1847"]
[WhiteTeam "Croatia"]
[BlackTeam "Guatemala"]
[WhiteFideId "14531534"]
[BlackFideId "7303041"]
[EventDate "2020.08.14"]
[EventType "team"]

1. d4 d5 2. c4 c6 3. cxd5 cxd5 4. Nc3 Nc6 5. e4 e6 6. e5 Bb4 7. Nf3 f6 8. Bd3
fxe5 9. Nxe5 Nf6 10. O-O O-O 11. Bg5 Qe8 12. Re1 Qh5 13. Qxh5 Nxh5 14. a3 Bd6
15. Nxc6 bxc6 16. g3 h6 17. Bd2 Rb8 18. b4 Nf6 19. Re2 Nh7 20. f4 Be7 21. Na4 g5
22. Nc5 gxf4 23. Bxf4 Bxc5 24. dxc5 Ra8 25. Bxh6 Rf6 26. Bf4 a5 27. b5 cxb5 28.
Bxb5 Nf8 29. a4 Ng6 30. Bd6 Rf3 31. Rf1 Rc3 32. c6 Ba6 33. Rxe6 Bxb5 34. axb5
Nf8 35. Rxf8+ Rxf8 36. Bxf8 Kxf8 37. b6 a4 38. b7 1-0

[Event "Online Olym Div2 D 2020"]
[Site "chess.com INT"]
[Date "2020.08.15"]
[Round "6.2"]
[Board "6"]
[White "Juarez Garcia, Daniela"]
[Black "Cvitan, Ena"]
[Result "0-1"]
[BlackTitle "FM"]
[WhiteElo "1625"]
[BlackElo "2242"]
[WhiteTeam "Guatemala"]
[BlackTeam "Croatia"]
[WhiteFideId "7302703"]
[BlackFideId "14534215"]
[EventDate "2020.08.14"]
[EventType "team"]

1. e4 c6 2. d4 d5 3. e5 Bf5 4. Bd3 Bxd3 5. Qxd3 e6 6. c3 Nd7 7. Ne2 Ne7 8. Ng3
c5 9. O-O Nc6 10. a3 Qb6 11. Rd1 Rc8 12. f4 cxd4 13. cxd4 Qxd4+ 14. Qxd4 Nxd4
15. Nc3 Bc5 16. Kf1 Nc2 17. Rb1 Ne3+ 18. Bxe3 Bxe3 19. Ke2 Bxf4 20. Nb5 Bxe5 21.
Nxa7 Rc2+ 22. Rd2 Rc5 23. b4 Rc4 24. Nf1 Ke7 25. h3 Nf6 26. Ne3 Re4 27. Kf3 Bd4
28. Rd3 Bxa7 29. a4 Rc8 30. Nd1 Rc2 31. Nc3 Nh5 32. Nxe4 dxe4+ 33. Kxe4 f5+ 34.
Kf3 Rf2# 0-1

[Event "Online Olym Div2 D 2020"]
[Site "chess.com INT"]
[Date "2020.08.15"]
[Round "6.3"]
[Board "1"]
[White "Hjartarson, Johann"]
[Black "Andersen, Mads"]
[Result "0-1"]
[WhiteTitle "GM"]
[BlackTitle "GM"]
[WhiteElo "2525"]
[BlackElo "2585"]
[WhiteTeam "Iceland"]
[BlackTeam "Denmark"]
[WhiteFideId "2300044"]
[BlackFideId "1413864"]
[EventDate "2020.08.14"]
[EventType "team"]

1. e4 e5 2. f4 exf4 3. Bc4 Nc6 4. Nf3 g5 5. d4 Bg7 6. c3 d6 7. O-O h6 8. b4 Nf6
9. Nbd2 O-O 10. b5 Ne7 11. Bd3 Ng4 12. Nb3 f5 13. h3 fxe4 14. Bxe4 Nf6 15. Bd3
Bf5 16. Re1 Bxd3 17. Qxd3 Qd7 18. Bd2 Rae8 19. a4 Nf5 20. Na5 b6 21. Nc6 Ng3 22.
Nxa7 Nfe4 23. Nc6 g4 24. hxg4 Qxg4 25. a5 bxa5 26. Rxa5 Qh5 27. Nh2 Rf5 28. b6
d5 29. Qf3 Nxd2 30. Qxh5 Rxe1+ 31. Kf2 Rxh5 32. Kxe1 cxb6 33. Ra8+ Kh7 34. Ng4
Nc4 35. Kd1 Rh1+ 0-1

[Event "Online Olym Div2 D 2020"]
[Site "chess.com INT"]
[Date "2020.08.15"]
[Round "6.3"]
[Board "2"]
[White "Thybo, Jesper Sondergaard"]
[Black "Thorfinnsson, Bragi"]
[Result "1-0"]
[WhiteTitle "GM"]
[BlackTitle "GM"]
[WhiteElo "2577"]
[BlackElo "2427"]
[WhiteTeam "Denmark"]
[BlackTeam "Iceland"]
[WhiteFideId "1438832"]
[BlackFideId "2300958"]
[EventDate "2020.08.14"]
[EventType "team"]

1. d4 Nf6 2. c4 g6 3. Nc3 c5 4. Nf3 Bg7 5. e4 cxd4 6. Nxd4 O-O 7. Be2 Nc6 8. Be3
b6 9. O-O Bb7 10. f3 e6 11. Qd2 Re8 12. Nxc6 dxc6 13. Rad1 Qxd2 14. Rxd2 Red8
15. Rfd1 Rxd2 16. Rxd2 c5 17. e5 Ne8 18. f4 Kf8 19. a3 f6 20. exf6 Bxf6 21. Rd7
Bc6 22. Rxh7 Kg8 23. Rh3 Nd6 24. g4 Rd8 25. Bf2 Ne4 26. Nxe4 Bxe4 27. Re3 Bb7
28. Rxe6 Kf7 29. Rxf6+ Kxf6 30. Bh4+ 1-0

[Event "Online Olym Div2 D 2020"]
[Site "chess.com INT"]
[Date "2020.08.15"]
[Round "6.3"]
[Board "3"]
[White "Ptacnikova, Lenka"]
[Black "Guindy, Esmat Susanne"]
[Result "1-0"]
[WhiteTitle "WGM"]
[BlackTitle "WFM"]
[WhiteElo "2117"]
[BlackElo "2131"]
[WhiteTeam "Iceland"]
[BlackTeam "Denmark"]
[WhiteFideId "305650"]
[BlackFideId "1401637"]
[EventDate "2020.08.14"]
[EventType "team"]

1. c4 e6 2. Nf3 d5 3. b3 Nf6 4. e3 Be7 5. Bb2 O-O 6. Be2 c5 7. O-O Nc6 8. cxd5
Nxd5 9. d4 cxd4 10. Nxd4 Nxd4 11. Bxd4 Bd7 12. Nd2 Bc6 13. Nc4 b6 14. Ne5 Bb7
15. Rc1 Qd6 16. Bf3 Rac8 17. Qe2 f6 18. Nc4 Qd7 19. Rfd1 Qb5 20. Bb2 Rfd8 21.
Be4 Qe8 22. Qf3 Qf7 23. Qh3 g6 24. Qf3 Ba8 25. Qe2 Qe8 26. Bf3 b5 27. Nd2 Nb4
28. Bxa8 Rxa8 29. Ne4 e5 30. a3 Nd5 31. Qf3 Qf7 32. Rc6 f5 33. Nc5 Rac8 34. Rxc8
Rxc8 35. Qxd5 Rxc5 36. Qd3 a6 37. b4 Rc6 38. Bxe5 Bf6 39. Bxf6 Qxf6 40. h3 Rc7
41. Qd5+ Qf7 42. Qa8+ Kg7 43. Qxa6 Qb3 44. Qd6 Rc3 45. Qe5+ Kh6 46. Qf4+ Kg7 47.
Rd7+ Kg8 48. Qb8+ 1-0

[Event "Online Olym Div2 D 2020"]
[Site "chess.com INT"]
[Date "2020.08.15"]
[Round "6.3"]
[Board "4"]
[White "Kakulidis, Ellen"]
[Black "Acevedo Mendez, Lisseth"]
[Result "0-1"]
[WhiteTitle "WCM"]
[BlackTitle "WIM"]
[WhiteElo "2059"]
[BlackElo "1845"]
[WhiteTeam "Denmark"]
[BlackTeam "Iceland"]
[WhiteFideId "1444972"]
[BlackFideId "6502938"]
[EventDate "2020.08.14"]
[EventType "team"]

1. d4 Nf6 2. g3 e6 3. Bg2 d5 4. Nf3 c5 5. O-O Nc6 6. c4 Be7 7. cxd5 exd5 8. Nc3
c4 9. b3 O-O 10. bxc4 dxc4 11. Qa4 Nb4 12. Qb5 a6 13. Qxc4 Be6 14. d5 Rc8 15.
Qb3 Nfxd5 16. Nxd5 Bxd5 17. Qb2 Rc2 18. Qa3 Nxa2 19. Qd3 Nb4 20. Qe3 Bc5 21. Qf4
Rxe2 22. Ba3 Nd3 23. Qg5 Qxg5 24. Nxg5 Bxg2 25. Kxg2 Rfe8 26. Bxc5 Nxc5 27. Rac1
b6 28. Nf3 g6 29. Rc3 Ra2 30. Rb1 Ne4 31. Re3 Rxf2+ 32. Kg1 Ra2 33. Ng5 f5 34.
Nxe4 fxe4 35. Rxb6 a5 36. Kf1 Rxh2 37. Rb5 Ra2 38. g4 a4 39. Rb4 a3 40. Rbxe4
Rxe4 41. Rxe4 Rh2 42. Ra4 a2 43. Kg1 Rb2 44. Ra8+ Kg7 45. Ra7+ Kh6 0-1

[Event "Online Olym Div2 D 2020"]
[Site "chess.com INT"]
[Date "2020.08.15"]
[Round "6.3"]
[Board "5"]
[White "Stefansson, Vignir Vatnar"]
[Black "Bjerre, Jonas Buhl"]
[Result "1-0"]
[WhiteTitle "FM"]
[BlackTitle "GM"]
[WhiteElo "2301"]
[BlackElo "2549"]
[WhiteTeam "Iceland"]
[BlackTeam "Denmark"]
[WhiteFideId "2308649"]
[BlackFideId "1444948"]
[EventDate "2020.08.14"]
[EventType "team"]

1. d4 Nf6 2. c4 e6 3. Nf3 d5 4. Nc3 dxc4 5. e3 a6 6. Bxc4 b5 7. Be2 Bb7 8. O-O
Nbd7 9. a3 c5 10. dxc5 Bxc5 11. b4 Be7 12. Bb2 O-O 13. Qb3 Rc8 14. Rfd1 Qc7 15.
Rac1 Qb8 16. Nd4 Ne5 17. h3 Nc4 18. a4 Nxb2 19. Qxb2 bxa4 20. Nxa4 Ne4 21. Nb6
Rxc1 22. Qxc1 Bh4 23. Rf1 Qd6 24. Nc4 Qxb4 25. Nf3 Bf6 26. Qb1 Qe7 27. Bd3 Nc3
28. Qc2 Bxf3 29. gxf3 g6 30. Kg2 Rc8 31. Ra1 Qb4 32. Nd2 Rc5 33. Rxa6 Rg5+ 34.
Kh2 Qh4 35. Ne4 Nxe4 36. Bxe4 Rh5 37. f4 Qxh3+ 38. Kg1 Rh4 39. Bg2 Qh2+ 40. Kf1
Kg7 41. Ra7 Rg4 42. Qc6 Bh4 43. Qb7 Kh6 44. Qf3 f5 45. Qh3 Rxg2 46. Qxg2 Qxg2+
47. Kxg2 Bf6 48. Rf7 Bh4 49. f3 g5 50. Rf6+ Kg7 51. fxg5 Bxg5 52. Rxe6 Bf6 53.
Kg3 Kf7 54. Ra6 Be5+ 55. Kh4 Bf6+ 56. Kh5 Bc3 57. Kg5 1-0

[Event "Online Olym Div2 D 2020"]
[Site "chess.com INT"]
[Date "2020.08.15"]
[Round "6.3"]
[Board "6"]
[White "van den Brink, Nienke"]
[Black "Haile, Batel Goitom"]
[Result "0-1"]
[WhiteElo "1811"]
[BlackElo "1587"]
[WhiteTeam "Denmark"]
[BlackTeam "Iceland"]
[WhiteFideId "1452568"]
[BlackFideId "2315190"]
[EventDate "2020.08.14"]
[EventType "team"]

1. e4 c5 2. Nf3 g6 3. d4 cxd4 4. Qxd4 Nf6 5. e5 Nc6 6. Qh4 Nxe5 7. Nxe5 Qa5+ 8.
Nc3 Qxe5+ 9. Be2 Bg7 10. O-O O-O 11. Re1 d5 12. Bf4 Qd4 13. Rad1 Qb4 14. Bf3 e6
15. a3 Qxb2 16. Be5 Ne4 17. Bxg7 Kxg7 18. Nxe4 dxe4 19. Bxe4 Qxa3 20. Re3 Qb4
21. Rh3 h5 22. f3 e5 23. Rg3 f5 24. Qxh5 Qb6+ 25. Kh1 fxe4 26. fxe4 Qf6 27. Qe2
Be6 28. Rf3 Qe7 29. Rfd3 Rad8 30. h3 Rxd3 31. Qxd3 Qf7 32. Qd6 a6 33. Qxe5+ Qf6
34. Qc7+ Rf7 35. Qd6 Rd7 36. e5 Qf7 0-1

[Event "Online Olym Div2 D 2020"]
[Site "chess.com INT"]
[Date "2020.08.15"]
[Round "6.4"]
[Board "1"]
[White "Vasquez Schroeder, Rodrigo"]
[Black "Solak, Dragan"]
[Result "0-1"]
[WhiteTitle "GM"]
[BlackTitle "GM"]
[WhiteElo "2441"]
[BlackElo "2594"]
[WhiteTeam "Chile"]
[BlackTeam "Turkey"]
[WhiteFideId "3400042"]
[BlackFideId "916811"]
[EventDate "2020.08.14"]
[EventType "team"]

1. d4 d5 2. c4 c6 3. Nf3 Nf6 4. g3 Bg4 5. Ne5 Bf5 6. cxd5 cxd5 7. Nc3 Nc6 8. f3
g6 9. Bg2 Bg7 10. Nxc6 bxc6 11. Na4 O-O 12. g4 Bc8 13. Bf4 Nd7 14. O-O e5 15.
dxe5 Nxe5 16. Rc1 Nc4 17. b3 Qf6 18. e3 g5 19. bxc4 gxf4 20. cxd5 cxd5 21. Nc3
Be6 22. exf4 Qxf4 23. Ne2 Qe3+ 24. Kh1 d4 25. Ng3 d3 26. f4 Rac8 27. Rb1 Rfd8
28. f5 Bxa2 29. f6 Bxb1 30. Nf5 Bc2 31. Qa1 Qe6 32. Nxg7 Qe2 33. Bf3 Qxf3+ 34.
Rxf3 d2 0-1

[Event "Online Olym Div2 D 2020"]
[Site "chess.com INT"]
[Date "2020.08.15"]
[Round "6.4"]
[Board "2"]
[White "Ali Marandi, Cemil Can"]
[Black "Valenzuela Fuentealba, Luis"]
[Result "1/2-1/2"]
[WhiteTitle "GM"]
[BlackTitle "IM"]
[WhiteElo "2543"]
[BlackElo "2444"]
[WhiteTeam "Turkey"]
[BlackTeam "Chile"]
[WhiteFideId "6300529"]
[BlackFideId "3401294"]
[EventDate "2020.08.14"]
[EventType "team"]

1. e4 c5 2. Nf3 e6 3. c3 d5 4. exd5 exd5 5. d4 Nc6 6. Bb5 Bd6 7. O-O Ne7 8. dxc5
Bxc5 9. Nbd2 O-O 10. Nb3 Bd6 11. Bd3 Qc7 12. h3 a6 13. Nbd4 h6 14. Bc2 Rd8 15.
Re1 Bd7 16. Qd3 Ng6 17. Nxc6 bxc6 18. Nh4 Re8 19. Bd2 Nf8 20. Nf5 Bh2+ 21. Kh1
Bf4 22. Qd4 Bxf5 23. Bxf4 Qd7 24. Qd2 Bxc2 25. Qxc2 Re6 26. Rxe6 Qxe6 27. Be3
Qd7 28. Re1 Re8 29. Qd1 1/2-1/2

[Event "Online Olym Div2 D 2020"]
[Site "chess.com INT"]
[Date "2020.08.15"]
[Round "6.4"]
[Board "3"]
[White "Abarca Gonzalez, Damaris"]
[Black "Atalik, Ekaterina"]
[Result "0-1"]
[WhiteTitle "WFM"]
[BlackTitle "IM"]
[WhiteElo "2047"]
[BlackElo "2450"]
[WhiteTeam "Chile"]
[BlackTeam "Turkey"]
[WhiteFideId "3409414"]
[BlackFideId "4130189"]
[EventDate "2020.08.14"]
[EventType "team"]

1. e4 e5 2. Nf3 Nc6 3. Bc4 Bc5 4. d3 Nf6 5. O-O O-O 6. Bb3 d6 7. Nbd2 a6 8. c3
Ba7 9. Re1 Ng4 10. Rf1 Kh8 11. h3 Nh6 12. Nc4 f5 13. Qe2 Qf6 14. Bxh6 Qxh6 15.
Ncd2 f4 16. Nh2 Bd7 17. Bd5 Nd8 18. b4 c6 19. Bb3 Ne6 20. Bxe6 Bxe6 21. a4 Qf6
22. Kh1 a5 23. Nc4 axb4 24. cxb4 Bd4 25. Ra3 b5 26. Na5 c5 27. axb5 cxb4 28.
Raa1 Bxa1 29. Rxa1 Qd8 0-1

[Event "Online Olym Div2 D 2020"]
[Site "chess.com INT"]
[Date "2020.08.15"]
[Round "6.4"]
[Board "4"]
[White "Ozturk, Kubra"]
[Black "Morales Flores, Monserrat"]
[Result "1-0"]
[WhiteTitle "WGM"]
[BlackTitle "WCM"]
[WhiteElo "2330"]
[BlackElo "1974"]
[WhiteTeam "Turkey"]
[BlackTeam "Chile"]
[WhiteFideId "6302599"]
[BlackFideId "3412016"]
[EventDate "2020.08.14"]
[EventType "team"]

1. d4 Nf6 2. c4 g6 3. Nc3 Bg7 4. e3 O-O 5. Nf3 d6 6. Be2 c5 7. O-O cxd4 8. exd4
e6 9. Bf4 Nh5 10. Bg5 f6 11. Bd2 f5 12. Qb3 Kh8 13. Rad1 Nd7 14. Nb5 Ndf6 15.
Bb4 Ne4 16. Qa3 Nf4 17. Rfe1 d5 18. Bxf8 Bxf8 19. c5 g5 20. Ne5 Kg7 21. Bf1 g4
22. Qe3 Ng6 23. Nc3 f4 24. Qc1 Qh4 25. Nxe4 dxe4 26. Nxg6 hxg6 27. Qxf4 Bd7 28.
Rxe4 Bc6 29. Rxe6 1-0

[Event "Online Olym Div2 D 2020"]
[Site "chess.com INT"]
[Date "2020.08.15"]
[Round "6.4"]
[Board "5"]
[White "Donoso Diaz, Sebastian"]
[Black "Gokerkan, Cem Kaan"]
[Result "1/2-1/2"]
[WhiteTitle "FM"]
[BlackTitle "IM"]
[WhiteElo "2192"]
[BlackElo "2461"]
[WhiteTeam "Chile"]
[BlackTeam "Turkey"]
[WhiteFideId "3416097"]
[BlackFideId "6336760"]
[EventDate "2020.08.14"]
[EventType "team"]

1. c4 e6 2. Nf3 Nf6 3. e3 d5 4. b3 Be7 5. Bb2 O-O 6. Nc3 c5 7. cxd5 Nxd5 8. Qc2
Nc6 9. a3 b6 10. h4 f5 11. Nxd5 exd5 12. d4 Be6 13. Ba6 Qd6 14. g3 f4 15. gxf4
Bf5 16. Bd3 Bxd3 17. Qxd3 cxd4 18. Bxd4 Nxd4 19. Nxd4 Bf6 20. b4 Rad8 21. Rc1
Qd7 22. Kd2 a5 23. h5 axb4 24. h6 g6 25. axb4 Ra8 26. Ra1 Qd6 27. b5 Rac8 28.
Ke2 Rc4 29. Rac1 Ra4 30. Nc6 Re8 31. Kf3 Qe6 32. Rcd1 Qe4+ 33. Qxe4 dxe4+ 34.
Kg3 Ra2 35. Rd6 Kf7 36. Rd7+ Kg8 37. Rb7 g5 38. Rg1 Kh8 39. f5 Bb2 40. Rd1 Ba3
41. Rdd7 Bf8 42. Nd4 Kg8 43. f6 Rea8 44. Nf5 Rb2 45. Rg7+ Kh8 46. Rxh7+ Kg8 47.
Rhg7+ Kh8 48. f7 Rxb5 49. Rg8+ Kh7 50. Rxg5 Rba5 51. Kf4 R5a7 52. Rxa7 Rxa7 53.
Rg7+ Bxg7 54. hxg7 Rxf7 55. Kxe4 Ra7 56. f4 b5 57. Nd4 b4 58. Kd3 Ra3+ 59. Kd2
Kxg7 60. e4 b3 61. Kc3 Ra4 62. Nf5+ Kf6 63. Ng3 Rxe4 64. Nxe4+ Kf5 65. Kxb3 Kxf4 1/2-1/2

[Event "Online Olym Div2 D 2020"]
[Site "chess.com INT"]
[Date "2020.08.15"]
[Round "6.4"]
[Board "6"]
[White "Caglar, Sila"]
[Black "Gomez Barrera, Javiera Belen"]
[Result "1-0"]
[WhiteTitle "WIM"]
[BlackTitle "WIM"]
[WhiteElo "2250"]
[BlackElo "2083"]
[WhiteTeam "Turkey"]
[BlackTeam "Chile"]
[WhiteFideId "6364063"]
[BlackFideId "3418723"]
[EventDate "2020.08.14"]
[EventType "team"]

1. e4 e5 2. Nf3 Nc6 3. Bc4 Bc5 4. O-O Nf6 5. d3 d6 6. c3 h6 7. Re1 O-O 8. h3 a5
9. Bb3 Bd7 10. Nbd2 a4 11. Bc2 Re8 12. Nf1 Qb8 13. Nh4 Qa7 14. Qf3 Nh7 15. Ne3
Ne7 16. Qg3 Kh8 17. Bd2 b5 18. Re2 Nf6 19. Qf3 Be6 20. Nef5 Nxf5 21. Nxf5 Bxf5
22. Qxf5 Re6 23. Rf1 c6 24. Kh1 Nh7 25. f4 Rf6 26. Qg4 Re8 27. Rf3 exf4 28. Rxf4
Qe7 29. d4 Bb6 30. Ref2 Rxf4 31. Qxf4 Rf8 32. Re2 Bc7 33. e5 dxe5 34. dxe5 Ng5
35. Qf5 Qe6 36. Qd3 Rd8 37. Qg3 Qe7 38. h4 Ne6 39. Qg4 a3 40. b4 Bb6 41. Qe4 g6
42. Bxh6 Kh7 43. Be3 Bxe3 44. Rxe3 Rd2 45. Rg3 Nf8 46. h5 Qe6 47. hxg6+ Nxg6 48.
Bb3 Qxe5 49. Qf3 Rc2 50. Qxf7+ Qg7 51. Rh3+ 1-0

[Event "Online Olym Div2 D 2020"]
[Site "chess.com INT"]
[Date "2020.08.15"]
[Round "6.5"]
[Board "1"]
[White "Grandelius, Nils"]
[Black "Indjic, Aleksandar"]
[Result "0-1"]
[WhiteTitle "GM"]
[BlackTitle "GM"]
[WhiteElo "2662"]
[BlackElo "2618"]
[WhiteTeam "Sweden"]
[BlackTeam "Serbia"]
[WhiteFideId "1710400"]
[BlackFideId "911925"]
[EventDate "2020.08.14"]
[EventType "team"]

1. e4 d6 2. d4 Nf6 3. Nc3 Nbd7 4. Nf3 e5 5. Bc4 Be7 6. O-O c6 7. a4 h6 8. a5 Qc7
9. Re1 g5 10. Bd3 Nf8 11. Ne2 g4 12. Nh4 Nxe4 13. Bxe4 Bxh4 14. dxe5 dxe5 15.
Nd4 Be7 16. Nf5 Bxf5 17. Bxf5 h5 18. Qe2 Ne6 19. Be3 Ng7 20. Qd3 Qd6 21. Qe4 Qf6
22. Bh7 Qe6 23. Bf4 exf4 24. Qxf4 Rxh7 25. Rxe6 Nxe6 26. Qf5 Rh6 27. a6 bxa6 28.
Rxa6 Rd8 29. g3 Nd4 30. Qe4 Nf3+ 31. Kg2 Rd1 0-1

[Event "Online Olym Div2 D 2020"]
[Site "chess.com INT"]
[Date "2020.08.15"]
[Round "6.5"]
[Board "2"]
[White "Sedlak, Nikola"]
[Black "Blomqvist, Erik"]
[Result "1-0"]
[WhiteTitle "GM"]
[BlackTitle "GM"]
[WhiteElo "2549"]
[BlackElo "2537"]
[WhiteTeam "Serbia"]
[BlackTeam "Sweden"]
[WhiteFideId "922900"]
[BlackFideId "1709437"]
[EventDate "2020.08.14"]
[EventType "team"]

1. d4 Nf6 2. Nf3 d5 3. Bf4 c5 4. e3 Nc6 5. Nbd2 Bf5 6. dxc5 e6 7. Nd4 Bxc5 8.
Nxf5 exf5 9. c3 O-O 10. Nb3 Be7 11. Bd3 g6 12. O-O Re8 13. Qf3 Qb6 14. Rfd1 Rad8
15. h3 Ne4 16. Bxe4 dxe4 17. Qe2 Bf6 18. Nd4 Ne5 19. Bxe5 Bxe5 20. g3 h5 21. h4
Qc5 22. Rd2 a6 23. Rad1 Qc7 24. Kg2 Rd6 25. Nb3 Red8 26. Rxd6 Rxd6 27. Rxd6 Qxd6
28. Qd2 Qxd2 29. Nxd2 Kf8 30. Nb3 b6 31. Nd4 Ke8 32. Kf1 Kd7 33. Ke2 Kd6 34. Kd2
Kc5 35. Ne2 b5 36. Kc2 Kc4 37. Nf4 a5 38. Nh3 Bf6 39. b3+ Kd5 40. Nf4+ Kc5 41.
a3 a4 42. Ne2 axb3+ 43. Kxb3 Be7 44. Nf4 Kc6 45. Nh3 Kd7 46. a4 bxa4+ 47. Kxa4
Ke6 48. Kb5 Ke5 49. c4 Bd8 50. c5 Kd5 51. Nf4+ Ke5 52. Kc6 Be7 53. Kb6 Bd8+ 54.
Kb7 Ba5 55. c6 Kd6 56. Ne2 f6 57. Nd4 g5 58. Nxf5+ Ke5 59. Ng7 gxh4 60. gxh4 f5
61. Nxh5 f4 62. Nxf4 1-0

[Event "Online Olym Div2 D 2020"]
[Site "chess.com INT"]
[Date "2020.08.15"]
[Round "6.5"]
[Board "3"]
[White "Cramling, Pia"]
[Black "Injac, Teodora"]
[Result "0-1"]
[WhiteTitle "GM"]
[BlackTitle "WIM"]
[WhiteElo "2464"]
[BlackElo "2286"]
[WhiteTeam "Sweden"]
[BlackTeam "Serbia"]
[WhiteFideId "1700030"]
[BlackFideId "932400"]
[EventDate "2020.08.14"]
[EventType "team"]

1. d4 Nf6 2. c4 g6 3. Nc3 Bg7 4. e4 d6 5. Be2 O-O 6. Be3 c5 7. dxc5 Qa5 8. f3
dxc5 9. e5 Rd8 10. Qa4 Qxa4 11. Nxa4 Nfd7 12. f4 f6 13. O-O-O fxe5 14. Nxc5 exf4
15. Ne6 fxe3 16. Nxd8 Nc5 17. Nf3 Nba6 18. Rd5 Bf5 19. Ng5 Nb4 20. Rxc5 Rxd8 21.
Rxf5 gxf5 22. Rd1 Rxd1+ 23. Kxd1 Bxb2 24. Bf3 b6 25. a4 e5 26. Bb7 Kg7 27. Bc8
h6 28. Nf3 Kf6 29. Nh4 f4 30. Bb7 Bd4 31. Ke2 Na2 32. Nf3 Nc3+ 33. Kd3 Nxa4 34.
Bc6 Nc5+ 35. Ke2 a5 0-1